000 00432nam a2200181Ia 4500
001 10221
005 20260306161816.0
008 260306t1963||||xx |||||||||||||| ||spa||
041 _aESP
082 _a909.02
_bH433
100 _aHeer, Friedrich
_eAUT
245 0 _aEl mundo medieval:
_bEuropa, 1100-1350
260 _c1963
300 _a505 páginas :
_c24 cm.
650 _aGEN
654 _aCHU
942 _cLIB
_dJUS
_fJUS
_2ddc
_n
999 _c10221
_d10221